Študijný program Podnikovohospodárskej fakulty v Košiciach Ekonomická univerzita v Bratislave

Gespeichert in:
Bibliographische Detailangaben
Körperschaft: Ekonomická univerzita v Bratislave. Podnikovohospodárska fakulta so sídlom v Košiciach
Weitere Verfasser: Ferjenčík, Ján, Kordošová, Elena
Format: Buch
Sprache:Slowakisch
Veröffentlicht: Bratislava Ekonóm 2002
Schlagworte:
Tags: Tag hinzufügen
Keine Tags, Fügen Sie das erste Tag hinzu!

MARC

LEADER 00000nam a2200000 4500
001 c136762
005 20230307091933.9
020 |a 80-225-1581-7 
041 0 |a slo 
044 |a SK 
245 1 0 |a Študijný program Podnikovohospodárskej fakulty v Košiciach  |b Ekonomická univerzita v Bratislave  |c [zostavili: Ján Ferjenčík, Elena Kordošová] 
264 1 |a Bratislava  |b Ekonóm  |c 2002 
300 |a 87 s. 
610 2 0 |a programy študijné 
610 2 0 |a univerzity 
610 2 0 |a vzdelávanie vysokoškolské 
700 1 |a Ferjenčík, Ján 
700 1 |a Kordošová, Elena 
710 2 |a Ekonomická univerzita v Bratislave. Podnikovohospodárska fakulta so sídlom v Košiciach